<?xml version="1.0" encoding="UTF-8"?>
<record
    xmlns:xsi="http://www.w3.org/2001/XMLSchema-instance"
    xsi:schemaLocation="http://www.loc.gov/MARC21/slim http://www.loc.gov/standards/marcxml/schema/MARC21slim.xsd"
    xmlns="http://www.loc.gov/MARC21/slim">

  <leader>01972nam a2200253 a 4500</leader>
  <controlfield tag="001">BRCA_8802</controlfield>
  <controlfield tag="005">20190320210422.0</controlfield>
  <controlfield tag="008">210417s1754----sp-#######---#000-0#spa-#</controlfield>
  <datafield tag="041" ind1=" " ind2=" ">
    <subfield code="a">spa</subfield>
  </datafield>
  <datafield tag="044" ind1=" " ind2=" ">
    <subfield code="a">sp</subfield>
  </datafield>
  <datafield tag="084" ind1=" " ind2=" ">
    <subfield code="a">BE184</subfield>
    <subfield code="b">.P58 1754</subfield>
  </datafield>
  <datafield tag="100" ind1="1" ind2=" ">
    <subfield code="a">Pluche, No&#xEB;l Antoine</subfield>
    <subfield code="d">1688-1761</subfield>
    <subfield code="9">21346</subfield>
  </datafield>
  <datafield tag="245" ind1="1" ind2="0">
    <subfield code="a">Espect&#xE1;culo de la naturaleza o conversaciones acerca de las particularidades de la historia natural, que han parecido m&#xE1;s a prop&#xF3;sito para excitar una curiosidad &#xFA;til y formarles la raz&#xF3;n a los j&#xF3;venes lectores</subfield>
    <subfield code="b">parte sexta, que contiene lo que pertenece al hombre en sociedad</subfield>
    <subfield code="c">escrito en idioma franc&#xE9;s por el Abad M. Pluche; y traducido al castellano por el P. Estevan de Terreros y Pando; Dedicado a la reyna nuestra se&#xF1;ora Do&#xF1;a Mar&#xED;a Barbara; Tomo und&#xE9;cimo.</subfield>
  </datafield>
  <datafield tag="260" ind1=" " ind2=" ">
    <subfield code="a">Madrid</subfield>
    <subfield code="b">En la Oficina de D. Gabriel Ram&#xED;rez</subfield>
    <subfield code="c">1754</subfield>
  </datafield>
  <datafield tag="300" ind1=" " ind2=" ">
    <subfield code="a">[2], 397 p. (t.11)</subfield>
    <subfield code="c">19 x 13.7 cm.</subfield>
  </datafield>
  <datafield tag="500" ind1=" " ind2=" ">
    <subfield code="a">Estado f&#xED;sico: presenta encuadernaci&#xF3;n en pergamino con cintas rotas</subfield>
  </datafield>
  <datafield tag="500" ind1=" " ind2=" ">
    <subfield code="a">Con marca de fuego: &#x201C;Procedencia de la marca: Colegio Jesuita de San Francisco Xavier de la Ciudad de Quer&#xE9;taro (1). Instituci&#xF3;n: Provincia Mexicana de la Compa&#xF1;&#xED;a de Jes&#xFA;s. Descripci&#xF3;n: Iniciales S. Xr. Q. que se desata como S[an] X[avie]r [de] Q[uer&#xE9;taro.]. Observaciones: A falta de un testimonio de pertenencia se hace la atribuci&#xF3;n de la marca en funci&#xF3;n a la realizada por David Saavedra Vega. Se espera localizar otro ejemplar que corrobore esta atribuci&#xF3;n. Ubicaci&#xF3;n de la marca en el libro: Canto superior&#x201D;</subfield>
  </datafield>
  <datafield tag="505" ind1="0" ind2=" ">
    <subfield code="a">Contenido: t.11, Que contiene lo que pertenece al hombre en sociedad</subfield>
  </datafield>
  <datafield tag="650" ind1="1" ind2="4">
    <subfield code="a">Ciencias naturales</subfield>
    <subfield code="y">Obras anteriores a 1800</subfield>
    <subfield code="9">21347</subfield>
  </datafield>
  <datafield tag="700" ind1="1" ind2=" ">
    <subfield code="a">Terreros y Pando, Esteban de</subfield>
    <subfield code="d">1707-1782</subfield>
    <subfield code="e">tr.</subfield>
    <subfield code="9">21940</subfield>
  </datafield>
  <datafield tag="856" ind1=" " ind2=" ">
    <subfield code="a">http://www.marcasdefuego.buap.mx:8180/xmLibris/projects/firebrand/item.jsp?repository=marcas_de_fuego&amp;key=marcas_de_fuego_marcas_de_fuego_20151006120916_4064.xml&amp;num=5</subfield>
  </datafield>
  <datafield tag="902" ind1=" " ind2=" ">
    <subfield code="a">CFM</subfield>
  </datafield>
  <datafield tag="942" ind1=" " ind2=" ">
    <subfield code="2">lcc</subfield>
    <subfield code="c">B</subfield>
  </datafield>
  <datafield tag="999" ind1=" " ind2=" ">
    <subfield code="c">8453</subfield>
    <subfield code="d">8453</subfield>
  </datafield>
  <datafield tag="952" ind1=" " ind2=" ">
    <subfield code="0">0</subfield>
    <subfield code="1">0</subfield>
    <subfield code="4">0</subfield>
    <subfield code="7">0</subfield>
    <subfield code="a">BRCA</subfield>
    <subfield code="b">BRCA</subfield>
    <subfield code="d">2017-04-21</subfield>
    <subfield code="l">0</subfield>
    <subfield code="o">BE184 .P58 1754</subfield>
    <subfield code="p">CFM00130</subfield>
    <subfield code="r">2019-03-22 00:00:00</subfield>
    <subfield code="w">2019-03-22</subfield>
    <subfield code="y">B</subfield>
  </datafield>
</record>
